000 00334nam a22001337a 4500
082 _a894.812
_bSRE/K
100 _aSREE RAMAKRISHNA MADAM
245 _aKIZHAKKUM PADINJARUM
246 _aKIZHAKKUM PADINJARUM
_bKIZHAKKUM PADINJARUM
260 _aTHRISSUR
_bPRABUDHA KERALAM
_c2004
300 _a128
650 _aMALAYALAM
942 _cBK
999 _c9064
_d9064